50 años de ordenaciones sacerdotales 1948 - 1998 / (Record no. 110103)

MARC details
000 -LEADER
campo de control de longitud fija 00703nam a2200169 4500
001 - NÚMERO DE CONTROL
campo de control 1274
005 - FECHA Y HORA DE LA ÚLTIMA TRANSACCIÓN
campo de control 20230411085949.0
008 - DATOS DE LONGITUD FIJA--INFORMACIÓN GENERAL
campo de control de longitud fija 060907n1998 dr spa
035 ## - NÚMERO DE CONTROL DEL SISTEMA
-- funglode1280
041 ## - CÓDIGO DE IDIOMA
Código de lengua del texto/banda sonora o título independiente ES
245 0# - MENCIÓN DEL TÍTULO
Título 50 años de ordenaciones sacerdotales 1948 - 1998 /
Mención de responsabilidad, etc. Rafael Bello Peguero
260 ## - PUBLICACIÓN, DISTRIBUCIÓN, ETC.
Lugar de publicación, distribución, etc. Santo Domingo :
Nombre del editor, distribuidor, etc. Imp. Amigo del Hogar,
Fecha de publicación, distribución, etc. 1998
300 ## - DESCRIPCIÓN FÍSICA
Extensión 51 p.
520 ## - RESUMEN, ETC.
Sumario, etc. Relaciones alfabética, 13. -- Relaciones cronológica, 23. -- Relaciones por diócesis, 33. -- Jerarcas dominicanos egresados del Seminario Pontificio Santo Tomás de Aquino, 49. -- Diócesis dominicanas con sus Obispos residenciales, 51
700 ## - ENTRADA AGREGADA--NOMBRE PERSONAL
Nombre de persona Bello Peguero, Rafael
942 ## - ELEMENTOS DE ENTRADA SECUNDARIOS (KOHA)
Fuente del sistema de clasificación o colocación Clasificación de Library of Congress
Tipo de ítem Koha
Holdings
Estatus retirado Estado de pérdida Fuente del sistema de clasificación o colocación Estado de daño No para préstamo Colección Biblioteca de origen Biblioteca actual Ubicación en estantería Fecha de adquisición Código de barras Visto por última vez Copia número Tipo de ítem Koha
    Clasificación de Library of Congress     Automatización y Procesos Técnicos Biblioteca Juan Bosch Biblioteca Juan Bosch Automatización y Procesos Técnicos (1er. Piso) 17/02/2019 00000021604 17/02/2019 1